The Assessment of Hope (Record no. 84606)

MARC details
000 -LEADER
fixed length control field 00851cab a22002055a 4500
001 - CONTROL NUMBER
control field L158475
008 - FIXED-LENGTH DATA ELEMENTS--GENERAL INFORMATION
fixed length control field 150313e20150214xxk 000 0 eng d
035 ## - SYSTEM CONTROL NUMBER
System control number (Sirsi) u158475
041 0# - LANGUAGE CODE
Language code of text/sound track or separate title eng
100 1# - MAIN ENTRY--PERSONAL NAME
Personal name Dutton, Timothy
245 04 - TITLE STATEMENT
Title The Assessment of Hope
260 ## - PUBLICATION, DISTRIBUTION, ETC.
Date of publication, distribution, etc. 2015
490 ## - SERIES STATEMENT
Series statement Estates Gazette
Volume/sequential designation (1506) 14 February 2015, 74-76(2)
520 ## - SUMMARY, ETC.
Summary, etc. In the first part of two articles, asks where hope value can be included in a valuation. Includes information about intermediate leasehold interests, the application of section 6 of the Leasehold Reform, Housing and Urban Development Act 1993 and the implications of the Cravecrest case involving hope value which have not yet been considered in the Upper Tribunal.
590 ## - LOCAL NOTE (RLIN)
Local note KA
651 #4 - SUBJECT ADDED ENTRY--GEOGRAPHIC NAME
Geographic name United Kingdom
690 ## - LOCAL SUBJECT ADDED ENTRY--TOPICAL TERM (OCLC, RLIN)
Topical term or geographic name as entry element Valuation
9 (RLIN) 6273
700 1# - ADDED ENTRY--PERSONAL NAME
Personal name Cardew, Maxim
942 ## - ADDED ENTRY ELEMENTS (KOHA)
Suppress in OPAC 0
Holdings
Withdrawn status Lost status Source of classification or shelving scheme Damaged status Not for loan Home library Current library Shelving location Date acquired Total Checkouts Full call number Barcode Date last seen Copy number Price effective from Koha item type
    Dewey Decimal Classification     London London Journal article 13/03/2015   L158475 158475-1001 06/08/2019 1 06/08/2019 Journal article